[Event "27th Kavala Open 2018"]
[Site "Kavala"]
[Date "2018.08.10"]
[Round "8"]
[White "Sandalakis, Angelos"]
[Black "Papadopoulos, Georgios"]
[Result "1-0"]
[WhiteElo "2444"]
[BlackElo "1726"]
[Annotator "NA"]
[PlyCount "79"]
[EventDate "2018.08.05"]
[EventType "swiss"]
[EventCountry "GRE"]
[SourceTitle "playchess.com"]
[Source "ChessBase"]
[SourceQuality "1"]
[TimeControl "40/5400+30:900+30"]

1. e4 {[%emt 0:00:02]} e5 {[%emt 0:10:27]} 2. Nf3 {[%emt 0:00:08]} Nc6 {[%emt 0:00:06]} 3. Nc3 {[%emt 0:00:06]} Nf6 {[%emt 0:01:25]} 4. a3 {[%emt 0:00:07]} d5 {[%emt 0:05:01]} 5. Bb5 {[%emt 0:00:10]} d4 {[%emt 0:11:14]} 6. Ne2 {[%emt 0:00:14]} Nxe4 {[%emt 0:01:09]} 7. d3 {[%emt 0:00:11]} Nd6 {[%emt 0:12:30]} 8. Bxc6+ {[%emt 0:00:42]} bxc6 {[%emt 0:00:01]} 9. Nxe5 {[%emt 0:00:11]} c5 {[%emt 0:00:18]} 10. O-O {[%emt 0:02:53]} Bd7 {[%emt 0:11:51]} 11. Nf4 {[%emt 0:05:55]} Be7 {[%emt 0:02:59]} 12. Qh5 {[%emt 0:07:20]} O-O {[%emt 0:13:40]} 13. Nxd7 {[%emt 0:05:56]} Qxd7 {[%emt 0:00:11]} 14. Qxc5 {[%emt 0:02:09]} Nf5 {[%emt 0:02:03]} 15. Qd5 {[%emt 0:01:44]} Bd6 {[%emt 0:00:06]} 16. Qf3 {[%emt 0:02:12]} Rae8 {[%emt 0:06:34]} 17. Qg4 {[%emt 0:05:13]} g6 {[%emt 0:06:05]} 18. Bd2 {[%emt 0:15:36]} Bxf4 {[%emt 0:05:32]} 19. Qxf4 {[%emt 0:01:12]} Qc6 {[%emt 0:00:07]} 20. Bb4 {[%emt 0:00:40]} Qxc2 {[%emt 0:01:40]} 21. Bxf8 {[%emt 0:00:25]} Rxf8 {[%emt 0:01:15]} 22. g4 {[%emt 0:04:26]} Ng7 {[%emt 0:00:17]} 23. Qxd4 {[%emt 0:00:17]} Ne6 {[%emt 0:00:22]} 24. Qc4 {[%emt 0:00:43]} Qxb2 {[%emt 0:00:31]} 25. Ra2 {[%emt 0:01:25]} Qb6 {[%emt 0:01:53]} 26. Re2 {[%emt 0:01:04]} g5 {[%emt 0:00:40]} 27. Rc1 {[%emt 0:09:24]} Qd6 {[%emt 0:01:08]} 28. Re3 {[%emt 0:02:04]} c5 {[%emt 0:03:30]} 29. Qe4 {[%emt 0:02:46]} h6 {[%emt 0:01:14]} 30. Qe5 {[%emt 0:00:57]} Qxe5 {[%emt 0:00:11]} 31. Rxe5 {[%emt 0:00:07]} Rb8 {[%emt 0:00:40]} 32. Re3 {[%emt 0:00:56]} Rb3 {[%emt 0:00:21]} 33. d4 {[%emt 0:00:26]} c4 {[%emt 0:00:54]} 34. Rxb3 {[%emt 0:02:06]} cxb3 {[%emt 0:00:01]} 35. d5 {[%emt 0:00:13]} Nf4 {[%emt 0:00:46]} 36. Rc8+ {[%emt 0:01:00]} Kg7 {[%emt 0:00:04]} 37. d6 {[%emt 0:00:10]} Nd5 {[%emt 0:00:25]} 38. Rc1 {[%emt 0:00:41]} Kf6 {[%emt 0:00:58]} 39. d7 {[%emt 0:00:07]} Ke7 {[%emt 0:00:16]} 40. Rd1 {[%emt 0:00:00]} 1-0

[Event "27th Kavala Open 2018"]
[Site "Kavala"]
[Date "2018.08.10"]
[Round "8"]
[White "Ni, Shiqun"]
[Black "Alexakis, Georgios"]
[Result "1-0"]
[WhiteElo "2436"]
[BlackElo "2056"]
[Annotator "TA"]
[PlyCount "119"]
[EventDate "2018.08.05"]
[EventType "swiss"]
[EventCountry "GRE"]
[SourceTitle "playchess.com"]
[Source "ChessBase"]
[SourceQuality "1"]

{[%evp 26,119,66,51,56,4,25,0,79,57,100,77,181,163,174,168,243,216,267,252,249,241,249,262,273,272,253,195,316,157,141,152,151,111,104,106,154,122,202,205,212,191,189,185,180,206,184,184,493,485,735,675,1074,926,829,729,12833,12834,12831,8971,12832,12837,12837,12835,12834,12835,12835,12830,9737,6729,5297,10689,5812,3000,6705,9858,2600,4802,2395,2108,12841,12841,12846,12847,12847,12847,12848,12848,12850,29984,12851,29985,12851,29986,12851,29987]} 1. e4 c5 2. Nf3 Nc6 3. d4 cxd4 4. Nxd4 Nf6 5. Nc3 d6 6. Bg5 e6 7. Qd2 a6 8. O-O-O h6 9. Nxc6 bxc6 10. Bf4 d5 11. Qe3 Bb4 12. Be2 {B66: Sicilian: Richter-Rauzer: 7...a6 8 0-0-0 h6} O-O 13. e5 Nh7 (13... Nd7 14. Qg3 Kh8 15. Qh3 Kg8 16. Rd3 Be7 17. Rg3 Bh4 18. Bxh6 g6 19. Rg4 Bxf2 20. Rf1 Bc5 21. Bg5 Be7 22. Bxe7 Qxe7 23. Qh6 Nxe5 24. Rh4 {1-0 (24) Wang,H (2709)-Ivanchuk,V (2726) Huaian 2017}) 14. Ne4 {LiveBook: 9 Games. White is slightly better.} Qh4 15. g3 (15. a3 $14) 15... Qe7 $11 16. Nd6 $146 ({Predecessor:} 16. a3 dxe4 17. axb4 g5 18. Qxe4 gxf4 19. gxf4 Kh8 {½-½ (33) Ilyin,P (2302)-Tseng,W (2399) ICCF email 2013}) 16... Rb8 (16... f6 $11 {remains equal.}) 17. h4 $1 $16 Bd7 18. a3 Ba5 (18... Bxd6 $16 19. exd6 Qd8) 19. g4 $1 $18 (19. Bxa6 $6 Bb6 $14) 19... f6 20. Qg3 (20. Bxa6 Bb6 $14) 20... Bc7 (20... Bb6 {keeps fighting.}) 21. Bd3 $1 (21. Bxa6 Rb6 $11) 21... Bxd6 22. exd6 Qf7 23. Be3 (23. Bxa6 e5 $16) 23... f5 {[#]} 24. gxf5 $1 exf5 25. Qf4 Nf6 26. Rhg1 {Strongly threatening Qxh6.} ({Don't play} 26. Bxa6 $6 Ra8 $16) 26... Qh5 (26... Kh7 $142 27. Bxa6 (27. Bxf5+ Bxf5 28. Qxf5+ g6 $16) 27... Nh5) 27. Qxh6 ({Much less strong is} 27. Bxa6 Ng4 $18) (27. Bd4 $18 {and White stays clearly on top.}) 27... Qxh6 $16 28. Bxh6 Ng4 29. Bxg7 Kxg7 30. f3 Rf6 31. Bxa6 Rxd6 (31... Re8 $16) 32. fxg4 $18 fxg4 33. Be2 Rg6 34. h5 Rg5 {[#]} 35. Bxg4 $1 {[%mdl 512]} Bxg4 36. Rd4 Kh6 $2 (36... Rxh5 {is more resistant.} 37. Rdxg4+ Kf7) 37. Rdxg4 ({Less strong is} 37. Rgxg4 Kxh5 38. Rh4+ Kg6 $16) 37... Rxg4 (37... Rxh5 $142 38. Rg6+ Kh7 39. Rxc6 Ra8) 38. Rxg4 Kxh5 {[%mdl 4096] Endgame KR-KR} 39. Rg7 Kh6 40. Rg2 c5 41. b3 Rf8 42. Kd2 Rf3 43. a4 Rf8 44. Ke3 Re8+ 45. Kd3 Rf8 46. Rg1 Rf3+ 47. Ke2 Rf8 48. Rg3 Re8+ 49. Kd2 Rf8 50. Rc3 Rc8 51. a5 {[%cal Ba4a5,Ba5a6,Ba6a7][%mdl 32]} Kg6 52. a6 c4 53. bxc4 dxc4 54. Ra3 Kf6 55. Kc3 Ke6 56. a7 Ra8 57. Kxc4 Kd6 58. Kb5 (58. c3 $18 Kc6 59. Kb3) 58... Kc7 59. c4 {[%cal Bc2c4,Bc4c5][%mdl 32]} Kb7 60. c5 {Precision: White = 81%, Black = 39%.} 1-0

[Event "27th Kavala Open 2018"]
[Site "Kavala"]
[Date "2018.08.10"]
[Round "8"]
[White "Tsolakidou, Stavroula"]
[Black "Mavrikakis, Georgios"]
[Result "1-0"]
[WhiteElo "2418"]
[BlackElo "2119"]
[Annotator "NA"]
[PlyCount "41"]
[EventDate "2018.08.05"]
[EventType "swiss"]
[EventCountry "GRE"]
[SourceTitle "playchess.com"]
[Source "ChessBase"]
[SourceQuality "1"]
[TimeControl "40/5400+30:900+30"]

1. Nf3 {[%emt 0:13:10]} f5 {[%emt 0:00:13]} 2. d3 {[%emt 0:00:06]} Nc6 {[%emt 0:00:16]} 3. e4 {[%emt 0:00:08]} e5 {[%emt 0:00:17]} 4. d4 {[%emt 0:00:19]} fxe4 {[%emt 0:19:31]} 5. Nxe5 {[%emt 0:00:18]} Qf6 {[%emt 0:00:57]} 6. Nxc6 {[%emt 0:20:12]} dxc6 {[%emt 0:06:02]} 7. h4 {[%emt 0:06:48]} Bf5 {[%emt 0:13:12]} 8. g4 {[%emt 0:14:23]} Be6 {[%emt 0:00:26]} 9. Be2 {[%emt 0:04:46]} h6 {[%emt 0:18:51]} 10. Be3 {[%emt 0:00:14]} O-O-O {[%emt 0:05:10]} 11. Nd2 {[%emt 0:03:14]} Qe7 {[%emt 0:03:25]} 12. c4 {[%emt 0:02:42]} Qb4 {[%emt 0:01:15]} 13. Qc2 {[%emt 0:00:50]} Nf6 {[%emt 0:00:43]} 14. Rg1 {[%emt 0:00:44]} Re8 {[%emt 0:03:19]} 15. O-O-O {[%emt 0:01:14]} Bd6 {[%emt 0:05:15]} 16. g5 {[%emt 0:01:55]} hxg5 {[%emt 0:00:27]} 17. a3 {[%emt 0:03:02]} Qa5 {[%emt 0:00:58]} 18. Rxg5 {[%emt 0:06:23]} Qa6 {[%emt 0:00:21]} 19. Nb3 {[%emt 0:05:20]} b6 {[%emt 0:02:46]} 20. d5 {[%emt 0:00:44]} cxd5 {[%emt 0:03:06]} 21. cxd5 {[%emt 0:00:21]} 1-0

[Event "27th Kavala Open 2018"]
[Site "Kavala"]
[Date "2018.08.10"]
[Round "8"]
[White "Bulmaga, Irina"]
[Black "Papadopoulos, Nikolaos"]
[Result "1-0"]
[WhiteElo "2401"]
[BlackElo "2258"]
[Annotator "NA"]
[PlyCount "85"]
[EventDate "2018.08.05"]
[EventType "swiss"]
[EventCountry "GRE"]
[SourceTitle "playchess.com"]
[Source "ChessBase"]
[SourceQuality "1"]
[TimeControl "40/5400+30:900+30"]

1. e4 {[%emt 0:00:06]} d6 {[%emt 0:00:24]} 2. d4 {[%emt 0:00:06]} Nf6 {[%emt 0:00:09]} 3. Nc3 {[%emt 0:00:08]} g6 {[%emt 0:00:14]} 4. f4 {[%emt 0:00:23]} Bg7 {[%emt 0:00:19]} 5. Nf3 {[%emt 0:00:13]} O-O {[%emt 0:00:43]} 6. e5 {[%emt 0:00:22]} dxe5 {[%emt 0:01:18]} 7. fxe5 {[%emt 0:00:06]} Nd5 {[%emt 0:03:04]} 8. Bc4 {[%emt 0:00:24]} Be6 {[%emt 0:18:40]} 9. Bxd5 {[%emt 0:00:54]} Bxd5 {[%emt 0:00:14]} 10. Nxd5 {[%emt 0:00:07]} Qxd5 {[%emt 0:00:10]} 11. Qe2 {[%emt 0:00:24]} c5 {[%emt 0:24:15]} 12. c4 {[%emt 0:00:59]} Qd7 {[%emt 0:00:05]} 13. d5 {[%emt 0:00:30]} e6 {[%emt 0:00:11]} 14. d6 {[%emt 0:00:26]} f6 {[%emt 0:00:27]} 15. exf6 {[%emt 0:01:19]} Rxf6 {[%emt 0:01:30]} 16. Bg5 {[%emt 0:00:55]} Rf7 {[%emt 0:02:06]} 17. O-O-O {[%emt 0:03:00]} Nc6 {[%emt 0:00:19]} 18. Rhe1 {[%emt 0:12:19]} Re8 {[%emt 0:18:00]} 19. Be7 {[%emt 0:07:12]} e5 {[%emt 0:01:57]} 20. Ng5 {[%emt 0:12:41]} Rf5 {[%emt 0:05:29]} 21. Ne4 {[%emt 0:11:56]} b6 {[%emt 0:03:24]} 22. Kb1 {[%emt 0:03:10]} Rb8 {[%emt 0:05:42]} 23. Rd5 {[%emt 0:14:59]} Nxe7 {[%emt 0:03:08]} 24. dxe7 {[%emt 0:00:06]} Qxe7 {[%emt 0:00:08]} 25. Red1 {[%emt 0:01:32]} Rf7 {[%emt 0:04:50]} 26. Qd2 {[%emt 0:03:33]} Rbf8 {[%emt 0:01:00]} 27. Qe1 {[%emt 0:02:16]} a6 {[%emt 0:00:44]} 28. Qe2 {[%emt 0:03:30]} Rf4 {[%emt 0:01:13]} 29. g3 {[%emt 0:00:40]} Rf3 {[%emt 0:00:22]} 30. Rd7 {[%emt 0:00:30]} Qe6 {[%emt 0:00:19]} 31. a3 {[%emt 0:00:54]} Qf5 {[%emt 0:00:41]} 32. Ka2 {[%emt 0:03:41]} b5 {[%emt 0:00:42]} 33. R1d3 {[%emt 0:04:29]} Rf1 {[%emt 0:00:37]} 34. Rb7 {[%emt 0:02:51]} Qe6 {[%emt 0:02:14]} 35. Rdd7 {[%emt 0:01:05]} Bh8 {[%emt 0:00:40]} 36. Nxc5 {[%emt 0:02:15]} Qxc4+ {[%emt 0:01:31]} 37. Qxc4+ {[%emt 0:00:06]} bxc4 {[%emt 0:00:01]} 38. Ne6 {[%emt 0:00:20]} Rc8 {[%emt 0:01:33]} 39. Rxh7 {[%emt 0:02:35]} Rf2 {[%emt 0:00:25]} 40. Rh6 {[%emt 0:00:00]} Rf6 {[%emt 0:00:00]} 41. Rbh7 {[%emt 0:02:24]} Rxe6 {[%emt 0:09:43]} 42. Rxh8+ {[%emt 0:00:08]} Kg7 {[%emt 0:00:07]} 43. R6h7+ 1-0

[Event "27th Kavala Open 2018"]
[Site "Kavala"]
[Date "2018.08.10"]
[Round "8"]
[White "Kanakaris, Georgios"]
[Black "Iljin, Artem"]
[Result "1/2-1/2"]
[WhiteElo "2398"]
[BlackElo "2520"]
[Annotator "TA"]
[PlyCount "27"]
[EventDate "2018.08.05"]
[EventType "swiss"]
[EventCountry "GRE"]
[SourceTitle "playchess.com"]
[Source "ChessBase"]
[SourceQuality "1"]

{[%evp 23,27,13,18,0,17,0]} 1. d4 Nf6 2. c4 e6 3. Nf3 d5 4. Nc3 Be7 5. Bg5 O-O 6. e3 Nbd7 7. Bd3 h6 8. Bh4 c5 9. cxd5 Nxd5 10. Bxe7 Nxe7 11. O-O {D60: Queen's Gambit Declined: Classical: Unusual White 7th moves} cxd4 12. Nxd4 Nf6 {LiveBook: 5 Games} 13. Nf3 $146 ({Predecessor:} 13. Rc1 Bd7 14. Ne4 Nc6 15. Bb1 Nxd4 16. Qxd4 Bc6 17. Nxf6+ Qxf6 18. Qxf6 gxf6 {½-½ (37) Wojtaszek,R (2737)-Inarkiev,E (2693) Antalya 2017}) 13... Bd7 14. Qe2 1/2-1/2

[Event "27th Kavala Open 2018"]
[Site "Kavala"]
[Date "2018.08.10"]
[Round "8"]
[White "Gouloutis, Nikolaos"]
[Black "Loutragotis, Dimitrios"]
[Result "1-0"]
[WhiteElo "2391"]
[BlackElo "2169"]
[Annotator "NA"]
[PlyCount "97"]
[EventDate "2018.08.05"]
[EventType "swiss"]
[EventCountry "GRE"]
[SourceTitle "playchess.com"]
[Source "ChessBase"]
[SourceQuality "1"]
[TimeControl "40/5400+30:900+30"]

1. Nf3 {[%emt 0:12:07]} g6 {[%emt 0:00:09]} 2. g3 {[%emt 0:00:51]} Bg7 {[%emt 0:00:08]} 3. Bg2 {[%emt 0:00:03]} d6 {[%emt 0:00:20]} 4. O-O {[%emt 0:00:07]} Nd7 {[%emt 0:00:11]} 5. c4 {[%emt 0:05:25]} e5 {[%emt 0:00:12]} 6. Nc3 {[%emt 0:00:04]} Ne7 {[%emt 0:00:18]} 7. d3 {[%emt 0:15:08]} O-O {[%emt 0:00:57]} 8. Rb1 {[%emt 0:00:03]} f5 {[%emt 0:04:38]} 9. Qc2 {[%emt 0:02:15]} Nf6 {[%emt 0:01:40]} 10. b4 {[%emt 0:00:25]} h6 {[%emt 0:01:36]} 11. a4 {[%emt 0:08:55]} Be6 {[%emt 0:08:22]} 12. b5 {[%emt 0:03:35]} Nh5 {[%emt 0:04:29]} 13. Ba3 {[%emt 0:01:13]} Rb8 {[%emt 0:06:43]} 14. Rfc1 {[%emt 0:04:42]} g5 {[%emt 0:01:55]} 15. Nd5 {[%emt 0:07:43]} Rf7 {[%emt 0:10:02]} 16. Nd2 {[%emt 0:02:03]} Nf6 {[%emt 0:00:51]} 17. Nb4 {[%emt 0:03:30]} g4 {[%emt 0:07:31]} 18. a5 {[%emt 0:03:35]} h5 {[%emt 0:03:18]} 19. c5 {[%emt 0:11:52]} d5 {[%emt 0:02:22]} 20. a6 {[%emt 0:00:37]} Bh6 {[%emt 0:16:41]} 21. e3 {[%emt 0:03:28]} f4 {[%emt 0:03:39]} 22. exf4 {[%emt 0:00:03]} exf4 {[%emt 0:00:05]} 23. Re1 {[%emt 0:00:04]} Bf5 {[%emt 0:01:04]} 24. Nb3 {[%emt 0:02:22]} f3 {[%emt 0:03:05]} 25. Bf1 {[%emt 0:00:04]} b6 {[%emt 0:02:48]} 26. Nd4 {[%emt 0:01:24]} Bd7 {[%emt 0:02:11]} 27. cxb6 {[%emt 0:06:33]} Rxb6 {[%emt 0:00:52]} 28. Nbc6 {[%emt 0:00:27]} Nxc6 {[%emt 0:02:03]} 29. bxc6 {[%emt 0:00:04]} Bc8 {[%emt 0:00:38]} 30. Rxb6 {[%emt 0:00:06]} cxb6 {[%emt 0:00:06]} 31. Qa4 {[%emt 0:01:46]} Ne8 {[%emt 0:02:56]} 32. Ne6 {[%emt 0:02:56]} Bxe6 {[%emt 0:03:06]} 33. Rxe6 {[%emt 0:00:05]} Bg7 {[%emt 0:00:10]} 34. h3 {[%emt 0:00:42]} Nc7 {[%emt 0:00:50]} 35. Rd6 {[%emt 0:00:48]} Qg5 {[%emt 0:00:23]} 36. Rd7 {[%emt 0:00:39]} Be5 {[%emt 0:03:48]} 37. Bd6 {[%emt 0:02:06]} Rxd7 {[%emt 0:02:25]} 38. Bxe5 {[%emt 0:00:10]} Rf7 {[%emt 0:00:41]} 39. Qd4 {[%emt 0:00:39]} Qf5 {[%emt 0:01:40]} 40. Qe3 {[%emt 0:00:00]} Ne6 {[%emt 0:00:00]} 41. d4 {[%emt 0:04:20]} Ng5 {[%emt 0:07:04]} 42. h4 {[%emt 0:04:55]} Nh3+ {[%emt 0:04:24]} 43. Kh2 {[%emt 0:00:05]} Rf8 {[%emt 0:03:29]} 44. c7 {[%emt 0:02:37]} Qe6 {[%emt 0:03:37]} 45. Bxh3 {[%emt 0:02:56]} gxh3 {[%emt 0:00:04]} 46. Qg5+ {[%emt 0:00:03]} Kf7 {[%emt 0:00:24]} 47. Qg7+ {[%emt 0:00:04]} Ke8 {[%emt 0:00:19]} 48. Bd6 {[%emt 0:00:07]} Rg8 {[%emt 0:02:56]} 49. c8=Q+ {[%emt 0:00:10]} 1-0

[Event "27th Kavala Open 2018"]
[Site "Kavala"]
[Date "2018.08.10"]
[Round "8"]
[White "Ambartsumova, Karina"]
[Black "Danielian, Elina"]
[Result "1/2-1/2"]
[WhiteElo "2377"]
[BlackElo "2419"]
[Annotator "TA"]
[PlyCount "39"]
[EventDate "2018.08.05"]
[EventType "swiss"]
[EventCountry "GRE"]
[SourceTitle "playchess.com"]
[Source "ChessBase"]
[SourceQuality "1"]

{[%evp 20,39,77,68,76,77,72,64,67,76,72,83,88,60,60,68,74,66,78,80,91,73]} 1. c4 c5 2. Nc3 e6 3. Nf3 Nf6 4. g3 b6 5. Bg2 Bb7 6. O-O Be7 7. d4 cxd4 8. Qxd4 Nc6 9. Qf4 O-O 10. Rd1 Rc8 11. b3 {LiveBook: 15 Games. A30: Symmetrical English: Double Fianchetto and Hedgehog} h6 12. Bb2 d6 (12... a6 13. Rac1 Qc7 14. Qxc7 Rxc7 15. e4 d6 16. Nd5 exd5 17. cxd5 Rfc8 18. dxc6 Bxc6 {½-½ (54) Kryakvin,D (2548)-Bublei,P (2354) Moscow 2015}) 13. Rac1 $146 ({Predecessor:} 13. Rd2 a6 14. Rad1 Qc7 15. Ne4 Nxe4 16. Qxe4 Ne5 17. Qd4 Nxf3+ 18. Bxf3 Bf6 {1-0 (50) Grkinic,G (2088)-Poblete,L (1871) LSS email 2009}) 13... Nh5 14. Qd2 Rc7 15. e4 Nf6 16. h3 Rd7 17. Qe2 Qa8 18. Rd2 Rfd8 19. Rcd1 Ne5 20. Nd4 {Precision: White = 60%, Black = 68%.} 1/2-1/2

[Event "27th Kavala Open 2018"]
[Site "Kavala"]
[Date "2018.08.10"]
[Round "8"]
[White "Schitco, Ivan"]
[Black "Kakushadze, Ilia"]
[Result "1/2-1/2"]
[WhiteElo "2377"]
[BlackElo "2149"]
[Annotator "NA"]
[PlyCount "46"]
[EventDate "2018.08.05"]
[EventType "swiss"]
[EventCountry "GRE"]
[SourceTitle "playchess.com"]
[Source "ChessBase"]
[SourceQuality "1"]
[TimeControl "40/5400+30:900+30"]

1. d4 {[%emt 0:00:03]} Nf6 {[%emt 0:00:04]} 2. c4 {[%emt 0:00:08]} c5 {[%emt 0:00:09]} 3. d5 {[%emt 0:00:11]} b5 {[%emt 0:00:05]} 4. Nd2 {[%emt 0:00:10]} bxc4 {[%emt 0:00:24]} 5. e4 {[%emt 0:00:10]} e6 {[%emt 0:00:07]} 6. Bxc4 {[%emt 0:00:23]} exd5 {[%emt 0:00:13]} 7. exd5 {[%emt 0:00:05]} d6 {[%emt 0:00:06]} 8. Ne2 {[%emt 0:00:26]} Be7 {[%emt 0:00:14]} 9. O-O {[%emt 0:01:43]} O-O {[%emt 0:00:05]} 10. Re1 {[%emt 0:07:09]} Nbd7 {[%emt 0:02:40]} 11. b3 {[%emt 0:04:00]} Nb6 {[%emt 0:00:28]} 12. Nf4 {[%emt 0:04:09]} Rb8 {[%emt 0:02:24]} 13. Bb2 {[%emt 0:08:14]} Ng4 {[%emt 0:05:42]} 14. Ne6 {[%emt 0:16:17]} fxe6 {[%emt 0:00:08]} 15. Qxg4 {[%emt 0:01:12]} e5 {[%emt 0:00:05]} 16. Qe2 {[%emt 0:01:01]} Nxc4 {[%emt 0:21:47]} 17. Nxc4 {[%emt 0:01:00]} Ba6 {[%emt 0:00:10]} 18. Bc3 {[%emt 0:04:43]} Qc8 {[%emt 0:09:39]} 19. Qd3 {[%emt 0:11:23]} Rf4 {[%emt 0:07:11]} 20. Re4 {[%emt 0:11:46]} Qf5 {[%emt 0:13:01]} 21. f3 {[%emt 0:01:00]} Bh4 {[%emt 0:00:37]} 22. Qe2 {[%emt 0:07:16]} Qg6 {[%emt 0:06:52]} 23. Rf1 {[%emt 0:09:58]} Rbf8 {[%emt 0:03:48]} 1/2-1/2

[Event "27th Kavala Open 2018"]
[Site "Kavala"]
[Date "2018.08.10"]
[Round "8"]
[White "Trimitzios, Petros"]
[Black "Quparadze, Giga"]
[Result "0-1"]
[WhiteElo "2301"]
[BlackElo "2517"]
[Annotator "ChessBase"]
[PlyCount "112"]
[EventDate "2018.08.05"]
[EventType "swiss"]
[EventCountry "GRE"]
[SourceTitle "playchess.com"]
[Source "ChessBase"]
[SourceQuality "1"]
[TimeControl "40/5400+30:900+30"]

1. Nf3 {[%emt 0:00:09]} c5 {[%emt 0:00:06]} 2. c4 {[%emt 0:00:33]} Nc6 {[%emt 0:00:05]} 3. Nc3 {[%emt 0:00:23]} Nf6 {[%emt 0:00:06]} 4. d4 {[%emt 0:00:55]} cxd4 {[%emt 0:00:06]} 5. Nxd4 {[%emt 0:00:07]} e6 {[%emt 0:00:18]} 6. Ndb5 {[%emt 0:00:45]} d5 {[%emt 0:00:14]} 7. cxd5 {[%emt 0:00:14]} Nxd5 {[%emt 0:00:11]} 8. e4 {[%emt 0:01:18]} Nxc3 {[%emt 0:00:22]} 9. Qxd8+ {[%emt 0:00:07]} Kxd8 {[%emt 0:00:12]} 10. Nxc3 {[%emt 0:00:12]} Bb4 {[%emt 0:00:35]} 11. Bd2 {[%emt 0:01:09]} Ke7 {[%emt 0:00:35]} 12. O-O-O {[%emt 0:00:11]} Bc5 {[%emt 0:00:20]} 13. f3 {[%emt 0:02:07]} a6 {[%emt 0:00:38]} 14. Kb1 {[%emt 0:03:03]} Rd8 {[%emt 0:00:32]} 15. Bg5+ {[%emt 0:00:41]} f6 {[%emt 0:00:04]} 16. Rxd8 {[%emt 0:00:04]} Nxd8 {[%emt 0:00:03]} 17. Bd2 {[%emt 0:05:28]} b5 {[%emt 0:00:48]} 18. Be2 {[%emt 0:04:33]} Bd7 {[%emt 0:01:21]} 19. Rc1 {[%emt 0:00:29]} Bd6 {[%emt 0:00:07]} 20. g3 {[%emt 0:02:35]} Nc6 {[%emt 0:01:27]} 21. Be3 {[%emt 0:00:10]} Be8 {[%emt 0:00:34]} 22. f4 {[%emt 0:04:58]} Rb8 {[%emt 0:00:51]} 23. Bf3 {[%emt 0:03:15]} Na5 {[%emt 0:00:24]} 24. b3 {[%emt 0:07:26]} Ba3 {[%emt 0:00:08]} 25. Rd1 {[%emt 0:01:04]} Rc8 {[%emt 0:04:22]} 26. Ne2 {[%emt 0:02:41]} Nb7 {[%emt 0:00:13]} 27. Bc1 {[%emt 0:03:11]} Bc5 {[%emt 0:00:04]} 28. f5 {[%emt 0:00:54]} Bc6 {[%emt 0:06:09]} 29. fxe6 {[%emt 0:04:00]} Rd8 {[%emt 0:00:25]} 30. Rxd8 {[%emt 0:02:49]} Nxd8 {[%emt 0:00:10]} 31. Nf4 {[%emt 0:00:44]} Nxe6 {[%emt 0:00:06]} 32. Nxe6 {[%emt 0:00:18]} Kxe6 {[%emt 0:00:04]} 33. Kc2 {[%emt 0:00:05]} b4 {[%emt 0:00:46]} 34. Kd3 {[%emt 0:06:29]} Bb5+ {[%emt 0:00:43]} 35. Kc2 {[%emt 0:00:17]} Bg1 {[%emt 0:02:08]} 36. h4 {[%emt 0:01:04]} Ke5 {[%emt 0:01:24]} 37. Bf4+ {[%emt 0:05:15]} Kd4 {[%emt 0:00:04]} 38. Kd2 {[%emt 0:00:08]} g6 {[%emt 0:01:19]} 39. Bg2 {[%emt 0:09:09]} Bc6 {[%emt 0:00:51]} 40. Bd6 {[%emt 0:00:00]} Be3+ {[%emt 0:00:00]} 41. Ke2 {[%emt 0:02:30]} Bb5+ {[%emt 0:00:13]} 42. Ke1 {[%emt 0:03:36]} Kc3 {[%emt 0:01:50]} 43. e5 {[%emt 0:01:41]} fxe5 {[%emt 0:00:33]} 44. Bxe5+ {[%emt 0:00:02]} Kc2 {[%emt 0:00:16]} 45. Be4+ {[%emt 0:02:22]} Kc1 {[%emt 0:00:04]} 46. Bf4 {[%emt 0:16:33]} Bxf4 {[%emt 0:00:07]} 47. gxf4 {[%emt 0:00:04]} Bd7 {[%emt 0:02:21]} 48. Ke2 {[%emt 0:06:16]} Kb2 {[%emt 0:00:07]} 49. Bd5 {[%emt 0:00:42]} Bf5 {[%emt 0:01:23]} 50. Kd2 {[%emt 0:01:00]} Kxa2 {[%emt 0:00:14]} 51. Kc1 {[%emt 0:00:09]} a5 {[%emt 0:00:04]} 52. Bc4 {[%emt 0:00:29]} Ka3 {[%emt 0:00:08]} 53. Bd5 {[%emt 0:00:24]} a4 {[%emt 0:00:42]} 54. bxa4 {[%emt 0:00:08]} b3 {[%emt 0:00:05]} 55. Bxb3 {[%emt 0:00:08]} Kxb3 {[%emt 0:00:04]} 56. a5 {[%emt 0:00:04]} Kc3 {[%emt 0:00:06]} 0-1

[Event "27th Kavala Open 2018"]
[Site "Kavala"]
[Date "2018.08.10"]
[Round "8"]
[White "Giannoulakis, Lampros"]
[Black "Prince, Bajaj"]
[Result "1/2-1/2"]
[WhiteElo "2287"]
[BlackElo "2411"]
[Annotator "NA"]
[PlyCount "31"]
[EventDate "2018.08.05"]
[EventType "swiss"]
[EventCountry "GRE"]
[SourceTitle "playchess.com"]
[Source "ChessBase"]
[SourceQuality "1"]
[TimeControl "40/5400+30:900+30"]

1. d4 {[%emt 0:00:07]} Nf6 {[%emt 0:00:17]} 2. c4 {[%emt 0:00:07]} e6 {[%emt 0:00:23]} 3. Nc3 {[%emt 0:00:00]} Bb4 {[%emt 0:00:00]} 4. e3 {[%emt 0:00:14]} O-O {[%emt 0:00:00]} 5. Bd3 {[%emt 0:00:10]} d5 {[%emt 0:00:00]} 6. a3 {[%emt 0:00:54]} Bxc3+ {[%emt 0:05:00]} 7. bxc3 {[%emt 0:00:58]} b6 {[%emt 0:00:02]} 8. cxd5 {[%emt 0:00:16]} exd5 {[%emt 0:00:09]} 9. Ne2 {[%emt 0:00:09]} Ba6 {[%emt 0:00:30]} 10. Bxa6 {[%emt 0:04:35]} Nxa6 {[%emt 0:00:14]} 11. Qd3 {[%emt 0:00:59]} Nb8 {[%emt 0:03:23]} 12. O-O {[%emt 0:00:50]} c5 {[%emt 0:00:38]} 13. c4 {[%emt 0:15:23]} cxd4 {[%emt 0:26:02]} 14. Nxd4 {[%emt 0:00:38]} Nbd7 {[%emt 0:00:33]} 15. Nc6 {[%emt 0:04:09]} dxc4 {[%emt 0:00:29]} 16. Qxc4 {[%emt 0:40:57]} 1/2-1/2